000 00364 a2200157 4500
001 193169
020 _a978-85-7160-597-8
040 _cMagnum
100 _aGomes, Nilma Lino
240 1 0 _aO menino coração de tambor
_lpor
245 1 0 _aO menino coração de tambor
300 _a32
362 0 _a2013
697 _aLITERATURA INFANTO-JUVENIL
942 _cBK
999 _c193169
_d193169